Lezioni Private

Guardat en:
Dades bibliogràfiques
Autor principal: Ecuba, Ennio
Altres autors: Amoroso, Cristiano
Format: Llibre
Idioma:anglès
Etiquetes: Afegir etiqueta
Sense etiquetes, Sigues el primer a etiquetar aquest registre!

MARC

LEADER 00000nam a2200000 4500
005 20240724163909.0
008 240724b |||||||| |||| 00| 0 eng d
040 |c GP 
100 |a Ecuba, Ennio 
245 |a Lezioni Private 
700 |a Amoroso, Cristiano 
942 |2 ddc  |c BK  |n 0 
952 |0 0  |1 0  |2 ddc  |4 0  |6 791_000000000000000_ECU  |7 1  |9 1685  |a RM  |b RM  |d 2024-07-24  |l 0  |o 791 ECU  |p 242  |r 2024-07-24 16:39:32  |w 2024-07-24  |y BK 
999 |c 1498  |d 1498